[Event "Winnipeg TNT April op"]
[Site "Winnipeg CAN"]
[Date "2007.04.10"]
[Round "2"]
[White "Cleto, Sam"]
[Black "Repa, Jason"]
[Result "1/2-1/2"]
[WhiteElo "1959"]
[BlackElo "2024"]
[PlyCount "113"]
[GameId "2160767910701461"]
[EventDate "2007.04.03"]
[EventType "swiss"]
[EventRounds "4"]
[EventCountry "CAN"]
[SourceTitle "EXT 2019"]
[Source "ChessBase"]
[SourceDate "2018.10.10"]
[SourceVersion "1"]
[SourceVersionDate "2018.10.10"]
[SourceQuality "1"]

1. Nf3 e6 2. d4 b6 3. c4 f5 4. Bg5 Be7 5. Bxe7 Qxe7 6. Nc3 Nf6 7. e3 O-O 8. Be2 Bb7 9. O-O d6 10. Qb3 Nbd7 11. Nb5 a6 12. Nc3 Kh8 13. Qa3 Ne4 14. b4 a5 15. b5 Nxc3 16. Qxc3 f4 17. Rae1 Rf5 18. Bd1 e5 19. e4 Rf6 20. d5 Nc5 21. h3 Rg8 22. Ng5 Bc8 23. Bh5 h6 24. Nf3 g6 25. Bg4 Bxg4 26. hxg4 g5 27. Nh2 Qh7 28. f3 Nd7 29. Kf2 h5 30. gxh5 Rh6 31. Ng4 Rxh5 32. Qa1 Kg7 33. Ke2 Rh8 34. Nf2 Rh2 35. Rh1 Qh4 36. Rxh2 Qxh2 37. Rh1 Qg3 38. Rxh8 Kxh8 39. Qh1+ Kg7 40. Ng4 Qh4 41. Qa1 Qg3 42. Qh1 Qh4 43. Qa1 Nf6 44. Nxf6 Kxf6 45. Qe1 Qh2 46. Qf2 Kg6 47. Kf1 Qh1+ 48. Qg1 Qxg1+ 49. Kxg1 Kh5 50. Kf2 g4 51. Kg1 Kg5 52. Kh2 Kh4 53. a4 Kg5 54. Kg1 Kh5 55. Kh1 Kg6 56. Kg1 Kf6 57. Kh1 1/2-1/2

[Event "Winnipeg TNT April op"]
[Site "Winnipeg CAN"]
[Date "2007.04.10"]
[Round "2"]
[White "Gibbons, Lorne"]
[Black "Lipic, Stephen"]
[Result "0-1"]
[WhiteElo "1321"]
[BlackElo "1616"]
[PlyCount "44"]
[GameId "2160767910701462"]
[EventDate "2007.04.03"]
[EventType "swiss"]
[EventRounds "4"]
[EventCountry "CAN"]
[SourceTitle "EXT 2019"]
[Source "ChessBase"]
[SourceDate "2018.10.10"]
[SourceVersion "1"]
[SourceVersionDate "2018.10.10"]
[SourceQuality "1"]

1. d4 f5 2. c4 Nf6 3. Nc3 e6 4. a3 Be7 5. Bf4 c6 6. Nf3 d5 7. c5 Nbd7 8. e3 O-O 9. Bd3 Ne4 10. Qc2 b6 11. b4 a5 12. bxa5 bxc5 13. Qa4 Ba6 14. Bxa6 Rxa6 15. Nxe4 fxe4 16. Ne5 Nxe5 17. Bxe5 Qxa5+ 18. Qxa5 Rxa5 19. O-O cxd4 20. Bxd4 c5 21. Bc3 Ra4 22. Rfb1 Bf6 0-1

[Event "Winnipeg TNT April op"]
[Site "Winnipeg CAN"]
[Date "2007.04.10"]
[Round "2"]
[White "Goodman, Clifford"]
[Black "Rutter, Blair"]
[Result "1/2-1/2"]
[WhiteElo "1508"]
[BlackElo "1949"]
[PlyCount "81"]
[GameId "2160767910701463"]
[EventDate "2007.04.03"]
[EventType "swiss"]
[EventRounds "4"]
[EventCountry "CAN"]
[SourceTitle "EXT 2019"]
[Source "ChessBase"]
[SourceDate "2018.10.10"]
[SourceVersion "1"]
[SourceVersionDate "2018.10.10"]
[SourceQuality "1"]

1. Nf3 d5 2. g3 f5 3. Bg2 Nf6 4. d3 e6 5. b3 c5 6. Bb2 Nc6 7. O-O Bd6 8. Nbd2 O-O 9. e3 Qc7 10. c4 Bd7 11. Rc1 Nb4 12. Ne1 Nxa2 13. Ra1 Nb4 14. Bxf6 gxf6 15. Qh5 Kh8 16. e4 fxe4 17. dxe4 d4 18. Nef3 e5 19. Nh4 Rg8 20. Nf5 Rg6 21. Nf3 Rag8 22. Nh6 Bg4 23. Nxg4 Rxg4 24. Bh3 R4g7 25. Rxa7 Nc6 26. Ra4 Bf8 27. Be6 Rg5 28. Nxg5 Rxg5 29. Qe8 Kg7 30. Ra8 Qe7 31. Qxe7+ Bxe7 32. Rg8+ Kh6 33. Rxg5 fxg5 34. Bd5 Na5 35. Rb1 Kg6 36. Kf1 h5 37. h3 g4 38. h4 b6 39. Ke2 Kf6 40. Kd3 Bf8 41. Ke2 1/2-1/2

[Event "Winnipeg TNT April op"]
[Site "Winnipeg CAN"]
[Date "2007.04.10"]
[Round "2"]
[White "Khedkar, Jay S"]
[Black "Booth, Kevin"]
[Result "1-0"]
[WhiteElo "1974"]
[BlackElo "1642"]
[PlyCount "97"]
[GameId "2160767910701464"]
[EventDate "2007.04.03"]
[EventType "swiss"]
[EventRounds "4"]
[EventCountry "CAN"]
[SourceTitle "EXT 2019"]
[Source "ChessBase"]
[SourceDate "2018.10.10"]
[SourceVersion "1"]
[SourceVersionDate "2018.10.10"]
[SourceQuality "1"]

1. e4 d6 2. d4 g6 3. Nc3 Bg7 4. Bc4 Nd7 5. Nf3 Nb6 6. Bb3 Bg4 7. Bxf7+ Kxf7 8. Ng5+ Ke8 9. Qxg4 Bxd4 10. Nxh7 Rxh7 11. Qxg6+ Rf7 12. Qxg8+ Rf8 13. Qg6+ Kd7 14. O-O c6 15. Ne2 Bf6 16. c3 Rg8 17. Qf5+ e6 18. Qf3 Qe7 19. Ng3 Rh8 20. Be3 Rag8 21. Rad1 Be5 22. Bd4 Qh4 23. h3 Bxd4 24. Qf7+ Qe7 25. Qxe7+ Kxe7 26. Rxd4 c5 27. Rd3 Nc4 28. b3 Ne5 29. Re3 Rf8 30. Ne2 Rh7 31. f4 Rhf7 32. Rd1 Ng6 33. f5 exf5 34. exf5+ Ne5 35. Nf4 Rg8 36. Ng6+ Kd8 37. Nxe5 Rxf5 38. Rxd6+ Kc7 39. Rd7+ Kc8 40. Re7 Rd8 41. Rd3 Rdf8 42. Rf3 Rxf3 43. Nxf3 Rd8 44. g4 Rd1+ 45. Kf2 Ra1 46. g5 Rxa2+ 47. Kg3 Ra3 48. g6 Rxb3 49. g7 1-0

[Event "Winnipeg TNT April op"]
[Site "Winnipeg CAN"]
[Date "2007.04.10"]
[Round "2"]
[White "Lauritson, Jim"]
[Black "Liu, Weixi"]
[Result "1-0"]
[WhiteElo "1916"]
[BlackElo "1515"]
[PlyCount "49"]
[GameId "2160767910701465"]
[EventDate "2007.04.03"]
[EventType "swiss"]
[EventRounds "4"]
[EventCountry "CAN"]
[SourceTitle "EXT 2019"]
[Source "ChessBase"]
[SourceDate "2018.10.10"]
[SourceVersion "1"]
[SourceVersionDate "2018.10.10"]
[SourceQuality "1"]

1. d4 d5 2. c4 c6 3. Nc3 Nf6 4. Nf3 e6 5. e3 Be7 6. b3 O-O 7. Bd3 dxc4 8. bxc4 c5 9. O-O cxd4 10. exd4 Nc6 11. Bb2 b6 12. Rc1 Bb7 13. Bb1 Bd6 14. a3 Ne7 15. Qd3 Bc7 16. Ng5 h6 17. Nh7 Ng6 18. Nxf8 Qd6 19. g3 Nh4 20. d5 Nf5 21. Nb5 Qd8 22. Nxc7 Qxc7 23. Bxf6 gxf6 24. dxe6 Qc6 25. Qd5 1-0

[Event "Winnipeg TNT April op"]
[Site "Winnipeg CAN"]
[Date "2007.04.10"]
[Round "2"]
[White "Letain, Cory"]
[Black "Green, Jim"]
[Result "0-1"]
[WhiteElo "1422"]
[BlackElo "1757"]
[PlyCount "68"]
[GameId "2160767910701466"]
[EventDate "2007.04.03"]
[EventType "swiss"]
[EventRounds "4"]
[EventCountry "CAN"]
[SourceTitle "EXT 2019"]
[Source "ChessBase"]
[SourceDate "2018.10.10"]
[SourceVersion "1"]
[SourceVersionDate "2018.10.10"]
[SourceQuality "1"]

1. d4 d5 2. c4 c6 3. Nf3 Nf6 4. Nc3 a6 5. cxd5 Nxd5 6. Nxd5 Qxd5 7. e3 Bg4 8. Be2 g6 9. b3 Bg7 10. O-O O-O 11. h3 Bxf3 12. Bxf3 Qd6 13. a4 a5 14. Ba3 Qc7 15. Rc1 Na6 16. d5 Rfd8 17. e4 c5 18. Be2 b6 19. f4 Bd4+ 20. Kh1 Be3 21. Rc3 Bxf4 22. Rcf3 g5 23. Rxf4 gxf4 24. e5 Qxe5 25. Bh5 Rxd5 26. Qg4+ Qg5 27. Bxf7+ Kxf7 28. Rxf4+ Ke8 29. Qf3 Nc7 30. Bc1 Qe5 31. Re4 Rd1+ 32. Qxd1 Qxe4 33. Qf1 Kd7 34. Bf4 Rf8 0-1

[Event "Winnipeg TNT April op"]
[Site "Winnipeg CAN"]
[Date "2007.04.10"]
[Round "2"]
[White "Oberton, Daniel"]
[Black "Pottinger, Carl"]
[Result "1-0"]
[WhiteElo "2009"]
[BlackElo "1806"]
[PlyCount "107"]
[GameId "2160767910701467"]
[EventDate "2007.04.03"]
[EventType "swiss"]
[EventRounds "4"]
[EventCountry "CAN"]
[SourceTitle "EXT 2019"]
[Source "ChessBase"]
[SourceDate "2018.10.10"]
[SourceVersion "1"]
[SourceVersionDate "2018.10.10"]
[SourceQuality "1"]

1. e4 c5 2. Nf3 d6 3. d4 cxd4 4. Nxd4 Nf6 5. Nc3 g6 6. Be3 Bg7 7. f3 O-O 8. Qd2 Nc6 9. g4 Be6 10. Nxe6 fxe6 11. Bc4 Qc8 12. O-O-O Ne5 13. Be2 Nc4 14. Bxc4 Qxc4 15. h4 b5 16. Kb1 b4 17. Ne2 e5 18. Ng3 a5 19. h5 a4 20. hxg6 hxg6 21. Bh6 Rfc8 22. Rdg1 a3 23. b3 Qc3 24. Qxc3 Rxc3 25. Bd2 Rxf3 26. g5 Nh7 27. Nf1 Rb8 28. Ne3 e6 29. Nc4 d5 30. exd5 exd5 31. Na5 Rf2 32. Be1 Re2 33. Nc6 Rb7 34. Bxb4 Bf8 35. Bxf8 Nxf8 36. Re1 Rxe1+ 37. Rxe1 e4 38. c4 dxc4 39. Na5 Re7 40. Nxc4 Nh7 41. Kc2 Kf7 42. Nd6+ Kg7 43. Rxe4 Rd7 44. Rd4 Re7 45. Ne4 Re5 46. b4 Nxg5 47. Nxg5 Rxg5 48. Kb3 Rg3+ 49. Ka4 Kf6 50. b5 Ke5 51. Rb4 g5 52. b6 Rh3 53. b7 Rh8 54. b8=Q+ 1-0

[Event "Winnipeg TNT April op"]
[Site "Winnipeg CAN"]
[Date "2007.04.10"]
[Round "2"]
[White "Reimer, Bruce"]
[Black "Kwiatek, Jordan"]
[Result "0-1"]
[WhiteElo "1590"]
[BlackElo "1988"]
[PlyCount "44"]
[GameId "2160767910701468"]
[EventDate "2007.04.03"]
[EventType "swiss"]
[EventRounds "4"]
[EventCountry "CAN"]
[SourceTitle "EXT 2019"]
[Source "ChessBase"]
[SourceDate "2018.10.10"]
[SourceVersion "1"]
[SourceVersionDate "2018.10.10"]
[SourceQuality "1"]

1. e4 c5 2. f4 d5 3. exd5 Nf6 4. c4 e6 5. dxe6 Bxe6 6. Nf3 Bd6 7. d3 Qc7 8. g3 Nc6 9. Bg2 O-O-O 10. O-O h5 11. Nc3 a6 12. Be3 Ng4 13. Qd2 h4 14. Nxh4 Nxh2 15. Rfe1 g5 16. Nf3 Nxf3+ 17. Bxf3 gxf4 18. Bxf4 Bxf4 19. gxf4 Nd4 20. Be4 f5 21. Bh1 Rdg8+ 22. Bg2 Nf3+ 0-1

[Event "Winnipeg TNT April op"]
[Site "Winnipeg CAN"]
[Date "2007.04.10"]
[Round "2"]
[White "Schulz, Waldemar"]
[Black "Mundwiler, Les"]
[Result "1/2-1/2"]
[WhiteElo "2073"]
[BlackElo "1972"]
[PlyCount "96"]
[GameId "2160767910701469"]
[EventDate "2007.04.03"]
[EventType "swiss"]
[EventRounds "4"]
[EventCountry "CAN"]
[SourceTitle "EXT 2019"]
[Source "ChessBase"]
[SourceDate "2018.10.10"]
[SourceVersion "1"]
[SourceVersionDate "2018.10.10"]
[SourceQuality "1"]

1. Nf3 Nf6 2. d4 d6 3. c4 Nbd7 4. Nc3 c6 5. e4 e5 6. Bg5 Qc7 7. h3 h6 8. Be3 g5 9. g4 Be7 10. Bd3 Nf8 11. Ne2 h5 12. gxh5 g4 13. hxg4 Bxg4 14. Ng3 Nxh5 15. Nxh5 Rxh5 16. Rxh5 Bxh5 17. Be2 Bg6 18. Qc2 Ne6 19. O-O-O O-O-O 20. Rh1 Kb8 21. Bd3 Qa5 22. Kb1 Bf6 23. Qc3 Qxc3 24. bxc3 exd4 25. Bxd4 Bxd4 26. cxd4 d5 27. cxd5 cxd5 28. Rh4 dxe4 29. Bxe4 Nxd4 30. Nxd4 Rxd4 31. Rh8+ Kc7 32. Bxg6 fxg6 33. Kc2 Rd6 34. Re8 Kc6 35. Kc3 Kd5 36. Re7 Rc6+ 37. Kd3 Ra6 38. Rxb7 Rxa2 39. Ke3 Ke5 40. f4+ Kf5 41. Rb5+ Kf6 42. Ke4 Re2+ 43. Kf3 Re6 44. Rb7 Re7 45. Rb5 Rc7 46. Kg4 Rc6 47. Rb7 Ra6 48. Rc7 Ra3 1/2-1/2

[Event "Winnipeg TNT April op"]
[Site "Winnipeg CAN"]
[Date "2007.04.10"]
[Round "2"]
[White "Silva, T Romero"]
[Black "Ranville, Marc"]
[Result "1/2-1/2"]
[WhiteElo "1887"]
[BlackElo "1520"]
[PlyCount "117"]
[GameId "2160767910701470"]
[EventDate "2007.04.03"]
[EventType "swiss"]
[EventRounds "4"]
[EventCountry "CAN"]
[SourceTitle "EXT 2019"]
[Source "ChessBase"]
[SourceDate "2018.10.10"]
[SourceVersion "1"]
[SourceVersionDate "2018.10.10"]
[SourceQuality "1"]

1. e4 e5 2. Nf3 Nc6 3. Bb5 a6 4. Ba4 b5 5. Bb3 Be7 6. O-O Nf6 7. d3 O-O 8. a4 Bb7 9. Bg5 d6 10. Nbd2 Na5 11. axb5 Nxb3 12. Nxb3 axb5 13. Qd2 c6 14. Na5 Qc7 15. h3 Rfe8 16. Be3 Bd8 17. Nb3 d5 18. exd5 cxd5 19. Bc5 d4 20. Nh2 Qc6 21. f3 Nd5 22. Rxa8 Bxa8 23. Ra1 Nf4 24. Re1 Bc7 25. Bb4 Rc8 26. c3 Qg6 27. cxd4 Bd5 28. Ng4 Qg5 29. Nc5 exd4 30. Ne4 Qh4 31. Bd6 Bxe4 32. Bxc7 Rxc7 33. Rxe4 Ne6 34. Qa5 Qg3 35. Qa8+ Nf8 36. Qa1 f5 37. Rxd4 fxg4 38. Rxg4 Qe5 39. d4 Qe3+ 40. Kh2 Rc8 41. Qa6 Qe6 42. Qxb5 Qd6+ 43. Kg1 Rc1+ 44. Kf2 Rc2+ 45. Ke3 Qh6+ 46. Rf4 Qe6+ 47. Re4 Qc4 48. Qe8 Re2+ 49. Kf4 Rxe4+ 50. Qxe4 Qc1+ 51. Kg3 Qxb2 52. Qd5+ Kh8 53. Qf7 Qb8+ 54. f4 Ng6 55. h4 Qf8 56. Qxf8+ Nxf8 57. Kf3 Kg8 58. Ke4 Kf7 59. g4 1/2-1/2

[Event "Winnipeg TNT April op"]
[Site "Winnipeg CAN"]
[Date "2007.04.10"]
[Round "2"]
[White "Van Wyk, Joseph"]
[Black "Podmoroff, Yuri"]
[Result "1-0"]
[WhiteElo "1920"]
[BlackElo "1563"]
[PlyCount "61"]
[GameId "2160767910701471"]
[EventDate "2007.04.03"]
[EventType "swiss"]
[EventRounds "4"]
[EventCountry "CAN"]
[SourceTitle "EXT 2019"]
[Source "ChessBase"]
[SourceDate "2018.10.10"]
[SourceVersion "1"]
[SourceVersionDate "2018.10.10"]
[SourceQuality "1"]

1. e4 e5 2. Nf3 Nc6 3. d4 exd4 4. c3 dxc3 5. Nxc3 Bb4 6. Bc4 h6 7. O-O Bxc3 8. bxc3 Nge7 9. Ba3 O-O 10. e5 b6 11. Qd2 Na5 12. Bb5 a6 13. Bd3 Bb7 14. Nh4 c5 15. f4 d6 16. exd6 Qxd6 17. Bh7+ Kxh7 18. Qxd6 Nd5 19. Qd7 Nxc3 20. Qd3+ Kg8 21. Qxc3 Rfe8 22. Nf5 f6 23. Nd6 Re7 24. Bxc5 Rc7 25. Nxb7 Nxb7 26. Qb3+ Kh8 27. Bxb6 Re7 28. Rfe1 Rd7 29. Qe6 Rd6 30. Qe4 Rxb6 31. Rab1 1-0

[Event "Winnipeg TNT April op"]
[Site "Winnipeg CAN"]
[Date "2007.04.17"]
[Round "3"]
[White "Booth, Kevin"]
[Black "Liu, Weixi"]
[Result "1/2-1/2"]
[WhiteElo "1642"]
[BlackElo "1515"]
[PlyCount "45"]
[GameId "2160767910701472"]
[EventDate "2007.04.03"]
[EventType "swiss"]
[EventRounds "4"]
[EventCountry "CAN"]
[SourceTitle "EXT 2019"]
[Source "ChessBase"]
[SourceDate "2018.10.10"]
[SourceVersion "1"]
[SourceVersionDate "2018.10.10"]
[SourceQuality "1"]

1. d4 d5 2. c4 c6 3. Nf3 Nf6 4. Nc3 dxc4 5. e3 b5 6. Be2 e6 7. O-O Bd6 8. a4 Bd7 9. b3 b4 10. Na2 c3 11. Qd3 a5 12. e4 Be7 13. Ne5 Bc8 14. Nc4 c5 15. Be3 cxd4 16. Bxd4 Nc6 17. Nb6 Ba6 18. Qe3 Bxe2 19. Bxf6 Bxf6 20. Qc5 Ne7 21. Nxa8 Qxa8 22. Rfe1 Qxe4 23. Nc1 1/2-1/2

[Event "Winnipeg TNT April op"]
[Site "Winnipeg CAN"]
[Date "2007.04.17"]
[Round "3"]
[White "Essery, Richard"]
[Black "Letain, Cory"]
[Result "1-0"]
[WhiteElo "1684"]
[BlackElo "1422"]
[PlyCount "67"]
[GameId "2160767910701473"]
[EventDate "2007.04.03"]
[EventType "swiss"]
[EventRounds "4"]
[EventCountry "CAN"]
[SourceTitle "EXT 2019"]
[Source "ChessBase"]
[SourceDate "2018.10.10"]
[SourceVersion "1"]
[SourceVersionDate "2018.10.10"]
[SourceQuality "1"]

1. d4 d5 2. Nf3 Nf6 3. Bf4 e6 4. e3 Bd7 5. Ne5 Bd6 6. Nd2 O-O 7. Bd3 c5 8. Nxf7 Rxf7 9. Bxd6 cxd4 10. exd4 Nc6 11. Nf3 Ne4 12. Bxe4 dxe4 13. Ne5 Nxe5 14. Bxe5 Qa5+ 15. c3 Raf8 16. Bg3 Bb5 17. Qg4 Qb6 18. Qxe4 Bc6 19. Qc2 Bxg2 20. Rg1 Bf3 21. Kd2 Bg4 22. Kc1 e5 23. Bxe5 Rxf2 24. Qb3+ Qxb3 25. axb3 Rf1+ 26. Kd2 R8f2+ 27. Kd3 Be2+ 28. Ke3 Rf3+ 29. Kxe2 R1f2+ 30. Ke1 Rxb2 31. Rxg7+ Kf8 32. Rxh7 Rff2 33. Rxa7 Kg8 34. Rg7+ 1-0

[Event "Winnipeg TNT April op"]
[Site "Winnipeg CAN"]
[Date "2007.04.17"]
[Round "3"]
[White "Green, Aaron"]
[Black "Silva, T Romero"]
[Result "1/2-1/2"]
[WhiteElo "1459"]
[BlackElo "1887"]
[PlyCount "96"]
[GameId "2160767910701474"]
[EventDate "2007.04.03"]
[EventType "swiss"]
[EventRounds "4"]
[EventCountry "CAN"]
[SourceTitle "EXT 2019"]
[Source "ChessBase"]
[SourceDate "2018.10.10"]
[SourceVersion "1"]
[SourceVersionDate "2018.10.10"]
[SourceQuality "1"]

1. Nf3 b6 2. d3 d5 3. g3 Bb7 4. Bg2 Nd7 5. Nbd2 Ngf6 6. b3 e6 7. Bb2 Be7 8. c4 dxc4 9. Nxc4 Bb4+ 10. Ncd2 O-O 11. a3 Be7 12. O-O c5 13. Qc2 Rc8 14. Rfc1 h6 15. Nc4 Ba8 16. Nce5 Nxe5 17. Nxe5 Bxg2 18. Kxg2 Qd5+ 19. Nf3 Rcd8 20. Qc4 Qb7 21. h3 Nh7 22. Kh2 Bf6 23. Bxf6 Nxf6 24. Rab1 Rd7 25. b4 cxb4 26. Rxb4 Rfd8 27. a4 Nd5 28. Rbb1 Rc7 29. Qb3 Rdc8 30. Rxc7 Qxc7 31. Nd4 Qc5 32. e3 g6 33. Rb2 Qf8 34. Kg2 Rc3 35. Qb5 Qa8 36. e4 Nf6 37. Rb3 Rc5 38. Qb4 h5 39. Rc3 Nxe4 40. dxe4 Qxe4+ 41. f3 Qe5 42. Rc4 h4 43. gxh4 Qd5 44. Rxc5 bxc5 45. Qb8+ Kg7 46. Nb5 Qd2+ 47. Kf1 Qd1+ 48. Kf2 Qd2+ 1/2-1/2

[Event "Winnipeg TNT April op"]
[Site "Winnipeg CAN"]
[Date "2007.04.17"]
[Round "3"]
[White "Green, Jim"]
[Black "Podmoroff, Yuri"]
[Result "0-1"]
[WhiteElo "1757"]
[BlackElo "1563"]
[PlyCount "103"]
[GameId "2160767910701475"]
[EventDate "2007.04.03"]
[EventType "swiss"]
[EventRounds "4"]
[EventCountry "CAN"]
[SourceTitle "EXT 2019"]
[Source "ChessBase"]
[SourceDate "2018.10.10"]
[SourceVersion "1"]
[SourceVersionDate "2018.10.10"]
[SourceQuality "1"]

1. e4 e5 2. Nf3 Nc6 3. Bb5 Bc5 4. O-O Nge7 5. d3 d6 6. h3 a6 7. Ba4 h6 8. c3 b5 9. Bc2 g5 10. Nh2 Ng6 11. Be3 Nf4 12. d4 Bb6 13. a4 b4 14. d5 Ne7 15. a5 Bc5 16. Ba4+ Kf8 17. Kh1 bxc3 18. Nxc3 Bb4 19. Ne2 Bxa5 20. Qc2 Rb8 21. Rfc1 Neg6 22. Ng1 h5 23. Bc6 Bb6 24. Bxb6 Rxb6 25. Ba4 Bb7 26. Bb3 g4 27. g3 Nxh3 28. Nxh3 gxh3 29. Bc4 h4 30. Ra3 Qf6 31. Rf3 Qg5 32. Rf5 Qe7 33. b3 Bc8 34. Rf3 a5 35. Ra1 Qg5 36. Bf1 Bg4 37. Nxg4 Qxg4 38. Be2 Qd7 39. Rxa5 hxg3 40. fxg3 Kg7 41. Ra7 Rc8 42. Ba6 Qg4 43. Qf2 Rf8 44. Rxc7 Rxa6 45. Rfxf7+ Rxf7 46. Qxf7+ Kh6 47. Qf2 Qxe4+ 48. Kh2 Qg2+ 49. Qxg2 hxg2 50. Kxg2 Rb6 51. Rc6 Rxb3 52. Rxd6 0-1

[Event "Winnipeg TNT April op"]
[Site "Winnipeg CAN"]
[Date "2007.04.17"]
[Round "3"]
[White "Khedkar, Jay S"]
[Black "Oberton, Daniel"]
[Result "1/2-1/2"]
[WhiteElo "1974"]
[BlackElo "2009"]
[PlyCount "98"]
[GameId "2160767910701476"]
[EventDate "2007.04.03"]
[EventType "swiss"]
[EventRounds "4"]
[EventCountry "CAN"]
[SourceTitle "EXT 2019"]
[Source "ChessBase"]
[SourceDate "2018.10.10"]
[SourceVersion "1"]
[SourceVersionDate "2018.10.10"]
[SourceQuality "1"]

1. e4 c5 2. Nf3 d6 3. d4 cxd4 4. Nxd4 Nf6 5. Nc3 g6 6. Be3 Bg7 7. Be2 O-O 8. O-O Nc6 9. Nb3 Bd7 10. f4 Rc8 11. Bf3 h5 12. h3 Na5 13. Nxa5 Qxa5 14. Qd2 Rfd8 15. Rad1 Bc6 16. Qf2 Qb4 17. Bd4 Nd7 18. e5 dxe5 19. fxe5 Nxe5 20. Bxc6 Rxd4 21. Rxd4 Qxd4 22. Qxd4 Nf3+ 23. Bxf3 Bxd4+ 24. Kh1 Bxc3 25. bxc3 Rxc3 26. Bd5 e6 27. Bb3 Kg7 28. Rf4 Rc7 29. Kg1 e5 30. Re4 Re7 31. Bd5 b6 32. Kf2 f5 33. Re1 Kf6 34. c4 e4 35. a4 Rc7 36. g4 hxg4 37. hxg4 Rc5 38. gxf5 gxf5 39. Rd1 Ke5 40. Ke2 Rc7 41. Rg1 Rh7 42. Rg2 Kd4 43. Rf2 Ke5 44. Kf1 e3 45. Rf3 f4 46. Ke1 a6 47. Rf1 b5 48. cxb5 axb5 49. axb5 Kxd5 1/2-1/2

[Event "Winnipeg TNT April op"]
[Site "Winnipeg CAN"]
[Date "2007.04.17"]
[Round "3"]
[White "Kwiatek, Jordan"]
[Black "Clark, Jeff"]
[Result "1-0"]
[WhiteElo "1988"]
[BlackElo "1846"]
[PlyCount "91"]
[GameId "2160767910701477"]
[EventDate "2007.04.03"]
[EventType "swiss"]
[EventRounds "4"]
[EventCountry "CAN"]
[SourceTitle "EXT 2019"]
[Source "ChessBase"]
[SourceDate "2018.10.10"]
[SourceVersion "1"]
[SourceVersionDate "2018.10.10"]
[SourceQuality "1"]

1. d4 Nf6 2. c4 e6 3. Nc3 Bb4 4. Qc2 O-O 5. Bg5 d5 6. cxd5 exd5 7. a3 Be7 8. e3 Re8 9. Bd3 Nbd7 10. Nf3 c6 11. h3 a5 12. O-O Ne4 13. Bxe4 dxe4 14. Nxe4 Bxg5 15. Nfxg5 Nf8 16. Nf3 Bf5 17. Nfd2 Qh4 18. f3 Re6 19. Rf2 Rg6 20. Kf1 Re8 21. Qb3 Ne6 22. Ke2 b5 23. Qc3 Nc7 24. Rh1 Nd5 25. Qc1 Qh6 26. Nf1 Bxe4 27. fxe4 Rxe4 28. Kd3 Rge6 29. g3 Qg6 30. Kd2 a4 31. Re2 Nb6 32. Ke1 Nd5 33. Kf2 Qg5 34. h4 Qh6 35. Qd2 f5 36. Rh3 g5 37. h5 f4 38. gxf4 gxf4 39. Qc1 fxe3+ 40. Nxe3 Qf4+ 41. Rf3 Qh2+ 42. Ke1 Qg1+ 43. Rf1 Qg3+ 44. Kd2 Rxe3 45. Kc2 Rxe2+ 46. Kb1 1-0

[Event "Winnipeg TNT April op"]
[Site "Winnipeg CAN"]
[Date "2007.04.17"]
[Round "3"]
[White "Mundwiler, Les"]
[Black "Cleto, Sam"]
[Result "1-0"]
[WhiteElo "1972"]
[BlackElo "1959"]
[PlyCount "113"]
[GameId "2160767910701478"]
[EventDate "2007.04.03"]
[EventType "swiss"]
[EventRounds "4"]
[EventCountry "CAN"]
[SourceTitle "EXT 2019"]
[Source "ChessBase"]
[SourceDate "2018.10.10"]
[SourceVersion "1"]
[SourceVersionDate "2018.10.10"]
[SourceQuality "1"]

1. d4 Nf6 2. c4 e6 3. Nf3 h6 4. Nc3 Bb4 5. Qc2 c5 6. a3 Bxc3+ 7. Qxc3 cxd4 8. Qxd4 Nc6 9. Qd6 Ne4 10. Qf4 Qa5+ 11. Nd2 d5 12. f3 e5 13. Qe3 Nd4 14. Kd1 Nf5 15. Qg1 Nxd2 16. Bxd2 Qa4+ 17. Ke1 Nd4 18. Rc1 dxc4 19. Qe3 O-O 20. Qxe5 Nb3 21. Bc3 f6 22. Qd5+ Kh8 23. Rd1 Qa6 24. e4 Be6 25. Qd6 Qxd6 26. Rxd6 Rfe8 27. Be2 Rad8 28. Rxd8 Rxd8 29. Kf2 b5 30. Rd1 Rxd1 31. Bxd1 Nc5 32. Ke3 Kg8 33. Be2 Kf7 34. Bd4 Na4 35. Bd1 a6 36. f4 g6 37. g4 Bd7 38. h4 a5 39. Be2 Ke7 40. h5 gxh5 41. gxh5 Be8 42. f5 b4 43. axb4 axb4 44. Bxc4 Bxh5 45. Be2 Be8 46. Bc4 Bd7 47. b3 Nc3 48. Bc5+ Ke8 49. Bxb4 Nb5 50. e5 Bxf5 51. exf6 Bg6 52. Bxb5+ Kf7 53. Bc3 Bf5 54. Kf4 Bc8 55. Bc4+ Kg6 56. f7 Kh5 57. f8=Q 1-0

[Event "Winnipeg TNT April op"]
[Site "Winnipeg CAN"]
[Date "2007.04.17"]
[Round "3"]
[White "Pottinger, Carl"]
[Black "Lipic, Stephen"]
[Result "0-1"]
[WhiteElo "1806"]
[BlackElo "1616"]
[PlyCount "69"]
[GameId "2160767910701479"]
[EventDate "2007.04.03"]
[EventType "swiss"]
[EventRounds "4"]
[EventCountry "CAN"]
[SourceTitle "EXT 2019"]
[Source "ChessBase"]
[SourceDate "2018.10.10"]
[SourceVersion "1"]
[SourceVersionDate "2018.10.10"]
[SourceQuality "1"]

1. c4 e6 2. g3 Be7 3. Bg2 c6 4. Nf3 f5 5. O-O Nf6 6. d3 O-O 7. Nc3 d5 8. e4 fxe4 9. dxe4 Nxe4 10. Nxe4 dxe4 11. Qxd8 Rxd8 12. Ng5 Bf6 13. Nxe4 Bd4 14. a4 e5 15. Ra3 Be6 16. c5 Na6 17. b4 Nxb4 18. Bg5 Rd7 19. Rb1 a5 20. Be3 Nc2 21. Rd3 Bc4 22. Bxd4 Bxd3 23. Bxe5 Re8 24. f4 Ne3 25. Nd6 Rxe5 26. Rb3 Rxc5 27. Nxb7 Rc1+ 28. Kf2 Ng4+ 29. Kf3 Nxh2+ 30. Ke3 Re1+ 31. Kf2 Re2+ 32. Kg1 Ng4 33. Bxc6 Rc7 34. Bd5+ Kf8 35. Nc5 0-1

[Event "Winnipeg TNT April op"]
[Site "Winnipeg CAN"]
[Date "2007.04.17"]
[Round "3"]
[White "Ranville, Marc"]
[Black "Reimer, Bruce"]
[Result "1-0"]
[WhiteElo "1520"]
[BlackElo "1590"]
[PlyCount "89"]
[GameId "2160767910701480"]
[EventDate "2007.04.03"]
[EventType "swiss"]
[EventRounds "4"]
[EventCountry "CAN"]
[SourceTitle "EXT 2019"]
[Source "ChessBase"]
[SourceDate "2018.10.10"]
[SourceVersion "1"]
[SourceVersionDate "2018.10.10"]
[SourceQuality "1"]

1. d4 d5 2. c4 e6 3. a3 Nf6 4. Nc3 Be7 5. Nf3 O-O 6. e3 c6 7. Bd3 dxc4 8. Bxc4 Nbd7 9. O-O Qc7 10. Qc2 Nb6 11. Bd3 c5 12. Ne4 Nbd7 13. b4 b6 14. Bb2 Bb7 15. Nxf6+ Nxf6 16. Rac1 Bxf3 17. gxf3 Qb7 18. e4 Nh5 19. dxc5 bxc5 20. Qe2 cxb4 21. axb4 Qxb4 22. Bc3 Qd6 23. e5 Qa3 24. Bd2 Qa4 25. Rc4 Qd7 26. Rd1 Rfc8 27. Bg5 Qe8 28. Qe4 g6 29. Be3 Rxc4 30. Bxc4 Qa4 31. Qxa8+ Kg7 32. Be2 Nf4 33. Bxf4 Qxf4 34. Qxa7 Bg5 35. Qd4 Qf5 36. Kg2 Qc2 37. Bb5 Qb3 38. Be8 Qc2 39. Ra1 Bc1 40. Qd7 Be3 41. Qxf7+ Kh6 42. Rf1 Bc5 43. Qxe6 Qd2 44. Qh3+ Kg7 45. Qd7+ 1-0